00419nam a22001457a 4500008004100000020000600041040005500047080001700102245005300119260004400172300001500216650001400231653000600245700002200251230327b |||||||| |||| 00| 0 eng d a  aNational Science LibrarycNational Science Library a519.2(05)b  aAdvances in probability and related topicsb c  aNew York: bMarcel Dekker, Inc., c1970 aix, 248p.  a Science  a  aNey, Peter (Ed.)